000 00293nam a2200133Ia 4500
100 _aKumbhojkar / G.V
650 _aMathematics
942 _cBK
245 _aApplied Mathematics III- Computer & IT
260 _bC.Jamnadas and Co
_c2014
082 _bKUM
546 _aENGLISH
999 _c26266
_d26266